| 000 -Etiqueta do registo | |
|---|---|
| campo de controlo de comprimento fixo | 006820000a22002290004500 |
| 001 - Identificador do registo | |
| Campo de controlo | 38944 |
| 010 ## - ISBN | |
| Número (ISBN) | 972-21-1220-1 |
| 100 ## - Dados Gerais de Proc. | |
| Dados gerais de processamento | 20050110d1998 k y0pory5003 ba |
| 101 0# - Língua da publicação | |
| Língua do texto, banda sonora, etc. | Português |
| 102 ## - País de Publicação | |
| País de publicação | Portugal |
| 200 1# - Título | |
| Título próprio | Estórias contadas |
| Informação de outro título | crónicas |
| Primeira menção de responsabilidade | Germano Almeida |
| 210 ## - Publicação, Distribuição | |
| Lugar da edição, distribuição, etc. | Lisboa |
| Nome do editor, distribuidor, etc. | Caminho |
| Data da publicação, distribuição, etc. | 1998 |
| 215 ## - Descrição física | |
| Descrição física | 250, [4] p. |
| 225 ## - Colecção | |
| Título próprio da colecção | Uma terra sem amos |
| Indicação de volume | 96 |
| 606 ## - Nome comum | |
| Elemento de entrada | Literatura africana de expressão portuguesa |
| 606 ## - Nome comum | |
| Elemento de entrada | Crónicas |
| 675 ## - CDU | |
| Notação | 83 |
| Língua da edição | Português |
| 675 ## - CDU | |
| Notação | 821.134.3-4"19" |
| Edição | BN |
| Língua da edição | Português |
| 675 ## - CDU | |
| Notação | 821.134.3-94"19" |
| Edição | BN |
| Língua da edição | Português |
| 700 #1 - Responsabilidade principal | |
| Palavra de ordem | Almeida |
| Outra parte do nome | Germano |
| Datas | 1945- |
| 090 ## - Números de controlo do sistema (Koha) | |
| Número biblioitem do Koha (gerado automaticamente) | 38944 |
| 942 ## - Elementos de entrada adicionados (Koha) | |
| Tipo de item no Koha | Monografias |
| Suprimido | Disponível no OPAC |
| 999 ## - Campo local | |
| Campo local | 38944 |
| Removido (estado) | Perdido (estado) | Data de aquisição | Origem do registo (biblioteca) (codificado) | Código da organização que empresta ou é detentora (biblioteca) | Código de barras | Número de inventário | Cota | Numeração (volume ou outra parte) | Tipo de circulação (não pode ser emprestado) | Tipo de item e material | Data da publicação, distribuição, etc. |
|---|---|---|---|---|---|---|---|---|---|---|---|
| Disponível | Disponível | 2005-01-10 | Biblioteca da Escola Secundária Dr. Jorge Augusto Correia | Biblioteca da Escola Secundária Dr. Jorge Augusto Correia | BESJAC5295 | 5295 | 83A ALM | 96 | Normal | Monografias | 1998 |